Fundamentals of quantum mechanics
Historical development and experimental bases. The atomic odel, energy quanta and light quanta. energy levels, quantum mechanics, Wave mechanics of a particle. Mathematical introduction, probabilistic statement of atomic problems.
Salvato in:
| Autore principale: | |
|---|---|
| Natura: | Libro |
| Lingua: | Undetermined |
| Pubblicazione: |
Englewood Cliffs, NJ.
Prentice-Hall
1950
|
| Soggetti: | |
| Tags: |
Aggiungi Tag
Nessun Tag, puoi essere il primo ad aggiungerne! !
|
| Thư viện lưu trữ: | Trung tâm Học liệu Trường Đại học Cần Thơ |
|---|
| LEADER | 00772nam a2200193Ia 4500 | ||
|---|---|---|---|
| 001 | CTU_186823 | ||
| 008 | 210402s9999 xx 000 0 und d | ||
| 082 | |a 530.12 | ||
| 082 | |b P466 | ||
| 100 | |a Persico, Enrico | ||
| 245 | 0 | |a Fundamentals of quantum mechanics | |
| 245 | 0 | |c Enrico Persico | |
| 260 | |a Englewood Cliffs, NJ. | ||
| 260 | |b Prentice-Hall | ||
| 260 | |c 1950 | ||
| 520 | |a Historical development and experimental bases. The atomic odel, energy quanta and light quanta. energy levels, quantum mechanics, Wave mechanics of a particle. Mathematical introduction, probabilistic statement of atomic problems. | ||
| 650 | |a Atoms,Wave mechanics,Nguyên tử,Cơ học sóng | ||
| 904 | |i Trúc | ||
| 980 | |a Trung tâm Học liệu Trường Đại học Cần Thơ | ||